000 00301nam a22001337a 4500
008 180201b xxu||||| |||| 00| 0 eng d
020 _a2900135001706
041 _aeng
080 _24ED
_a37
100 _a45
101 _aEDU
245 _aTHE INCLUSIVE CLASSROOM
_cMASTROPERI.J
942 _2udc
_cBK
999 _c41480
_d41480